000 00189nam a22000977a 4500
245 _aXam Idea Mathematics
250 _a2024
260 _bV.K. Publicatoin
300 _a575
942 _2ddc
_cSB
999 _c9080
_d9080